Online Catalogue and eLibrary

What's inside? : (Record no. 1547)

MARC details
000 -LEADER
fixed length control field 00440nam a2200169Ia 4500
005 - DATE AND TIME OF LATEST TRANSACTION
control field 20250106060653.0
008 - FIXED-LENGTH DATA ELEMENTS--GENERAL INFORMATION
fixed length control field 240331s9999 xx 000 0 und d
082 ## - DDC Classification
Item Number - Author Mark FUG
DDC Edition Number 756
Class No. 305.23
245 #0 - TITLE STATEMENT
Title What's inside? :
Remainder of title Learning with children in the streets
260 ## - PUBLICATION, DISTRIBUTION, ETC.
Name of publisher, distributor, etc. Redd Barna Sri Lanka
Date of publication, distribution, etc. 1989
300 ## - PHYSICAL DESCRIPTION
Extent (e.g. Volumes, Pages etc.) 132 p.,
650 ## - SUBJECT ADDED ENTRY--TOPICAL TERM
Topical term or geographic name entry element Children
650 ## - SUBJECT ADDED ENTRY--TOPICAL TERM
Topical term or geographic name entry element Education
700 ## - ADDED ENTRY--PERSONAL NAME
Personal name Fuglesang, A
Relator term (Role) Editor
700 ## - ADDED ENTRY--PERSONAL NAME
Personal name Chandler
Relator term (Role) Editor
942 ## - Koha item type (Biblio)
Koha item type Books in Stacks (Lending)
Holdings
Lost status Damaged status Collection code Home library Current library Shelving location Date acquired Full call number Accession Number Item type
    Lending WERC Library WERC Library Social Science Cupboard 03/31/2024 305.23 WHA 756 Books in Stacks (Lending)

© WERC Library